Magnitude and Structure of Agricultural Price Protection in Malaysia

Na minha lista:
Detalhes bibliográficos
Autor principal: Rahman, Abdul Aziz Abdul
Formato: Livro
Idioma:inglês
Publicado em: Kiel Institut für Weltwirtschaft 1990
Colecção:Working Paper No. 455
Tags: Adicionar Tag
Sem tags, seja o primeiro a adicionar uma tag!

MARC

LEADER 00000nam a2200000 4500
001 c027846
005 20250526081912.6
041 0 |a eng 
044 |a DE 
245 1 0 |a Magnitude and Structure of Agricultural Price Protection in Malaysia  |c Abdul Aziz Abdul Rahman 
264 1 |a Kiel  |b Institut für Weltwirtschaft  |c 1990 
300 |a 115 s. 
490 1 |a Working Paper  |v No. 455 
830 0 |a Working Paper  |v No. 455 
100 1 |a Rahman, Abdul Aziz Abdul